Athens Muthal Haridwar Vare (Record no. 125284)

MARC details
000 -LEADER
fixed length control field 00405nam a2200133Ia 4500
008 - FIXED-LENGTH DATA ELEMENTS--GENERAL INFORMATION
fixed length control field 211122s9999||||xx |||||||||||||| ||und||
082 ## - DEWEY DECIMAL CLASSIFICATION NUMBER
Classification number 938
Item number VAR-A
100 ## - MAIN ENTRY--PERSONAL NAME
Personal name Varghese, Saji
245 #0 - TITLE STATEMENT
Title Athens Muthal Haridwar Vare
260 ## - PUBLICATION, DISTRIBUTION, ETC.
Name of publisher, distributor, etc. Mathrubhumi Books
Place of publication, distribution, etc. Kozhikode
630 ## - SUBJECT ADDED ENTRY--UNIFORM TITLE
General subdivision General Stack
650 ## - SUBJECT ADDED ENTRY--TOPICAL TERM
Topical term or geographic name entry element HISTORY AND GEOGRAPHY
942 ## - ADDED ENTRY ELEMENTS (KOHA)
Koha item type BOOK
650 ## - SUBJECT ADDED ENTRY--TOPICAL TERM
Form subdivision HISTORY OF ANCIENT WORLD TO CA. 499GREECE TO 323Malayalam
Holdings
Withdrawn status Lost status Damaged status Not for loan Home library Current library Date acquired Cost, normal purchase price Total Checkouts Full call number Barcode Shelving location Date last seen Price effective from Koha item type
        SB LIBRARY SB LIBRARY 22/11/2021 150.00   938 VAR-A 00138953 GENERAL STACK 22/11/2021 22/11/2021 BOOK

Powered by Koha